A critical appraisal of oil and gas dispute prone clauses : a case for Uganda's production sharing agreements /
Saved in:
| Main Author: | |
|---|---|
| Format: | Thesis Book |
| Language: | English |
| Published: |
2013.
|
| Subjects: | |
| Online Access: | http://studentsrepo.um.edu.my/id/eprint/9153. |
| Tags: |
Add Tag
No Tags, Be the first to tag this record!
|
| LEADER | 01348cam a2200361 i 4500 | ||
|---|---|---|---|
| 001 | u1006384 | ||
| 003 | SIRSI | ||
| 005 | 201411040952 | ||
| 008 | 141104n2013 my m 000 0 eng m | ||
| 040 | |a UMU |e rda | ||
| 043 | |a a-ug--- | ||
| 092 | |a K668 |b Mun | ||
| 100 | 1 | |a Munobe, Samuel. |e author. | |
| 245 | 1 | 2 | |a A critical appraisal of oil and gas dispute prone clauses : |b a case for Uganda's production sharing agreements / |c by Samuel Munobe. |
| 264 | 1 | |c 2013. | |
| 300 | |a xii, 156 leaves ; |c 30 cm. | ||
| 500 | |a PUU. | ||
| 500 | |a Unpublished. | ||
| 500 | |a Table of cases : leaves vii. | ||
| 500 | |a Table of statutes : leaves viii - ix. | ||
| 500 | |a Diselia oleh Prof Madya Azmi Sharom. | ||
| 502 | |a Dissertation (LL.M) -- Fakulti Undang-Undang, Universiti Malaya, 2013. | ||
| 336 | |a text |2 rdacontent | ||
| 337 | |a unmediated |2 rdamedia | ||
| 338 | |a volume |2 rdacarrier | ||
| 504 | |a Bibliography: leaves 142 - 148. | ||
| 650 | 0 | |a Petroleum law and legislation |z Uganda. | |
| 650 | 0 | |a Natural gas |x Law and legislation |z Uganda. | |
| 710 | 2 | 0 | |a Universiti Malaya. |b Fakulti Undang-Undang. |
| 856 | 4 | 1 | |u http://studentsrepo.um.edu.my/id/eprint/9153. |
| 900 | |a HF | ||
| 596 | |a 4 | ||
| 999 | |a K668 MUN |w LACLL |c 1 |i A515717048 |d 17/11/2014 |f 17/11/2014 |g 1 |l RESTRICTED |m P04UNDANG |r N |s Y |t TESIS |u 17/11/2014 |o .STAFF. Gift - Fakulti Undang-Undang | ||
